000 01888nam a2200217 a 4500
001 ASIN0307947041
005 20170105102924.0
008 131210s2013 xxu eng d
020 _a0307947041 (paperback)
_c$16.00
020 _a9780307947048 (paperback)
040 _a0
100 1 _aChandrasekaran, Rajiv.
245 1 0 _aLittle america :
_bthe war within the war for afghanistan /
_cRajiv Chandrasekaran.
250 _aReprint ed.
260 _a[S.l.] :
_bBloomsbury
_c2012.
300 _a416 p. ;
_c20 cm.
490 1 _aVintage.
520 _aA New York Times Notable Book A Washington Post Notable Book A St. Louis Post-Dispatch Best Book of the Year   The author of the acclaimed bestseller and National Book Award finalist, Imperial Life in the Emerald City , tells the startling, behind-the-scenes story of the US’s political and military misadventure in Afghanistan. In this meticulously reported and illuminating book, Rajiv Chandrasekaran focuses on southern Afghanistan in the year of President Obama’s surge, and reveals the epic tug of war that occurred between the president and a military that increasingly went its own way. The profound ramifications this political battle had on the region and the world are laid bare through a cast of fascinating characters—disillusioned and inept diplomats, frustrated soldiers, headstrong officers—who played a part in the process of pumping American money and soldiers into Afghan nation-building. What emerges in Little America is a detailed picture of unsavory compromise—warlords who were to be marginalized suddenly embraced, the Karzai family transformed from foe to friend, fighting corruption no longer a top priority—and a venture that became politically, financially, and strategically un
856 0 _aVintage.
_3Amazon.com
_uhttp://www.amazon.com/exec/obidos/ASIN/0307947041/cho
942 _2ddc
_cBK
999 _c15726
_d15726